000 00442nam a22001817a 4500
003 MPLRDC
005 20220104173152.0
008 210129b ||||| |||| 00| 0 eng d
082 _a870.57 MONT
100 _aL. M. MONTGOMERY
245 _aANNE OF INGLESIDE
_c
250 _a初版
260 _a
_bBANTAM BOOKS
_c1988
300 _b
490 _aTHE ANNE OF GREEN GABLES SERIES; 6
650 _aFICTION
942 _cBK
_o870.57 MONT
999 _c59295
_d59285